Catálogo
 En Linea

Miroirs de la Caraibe: (Registro nro. 51546)

Detalles MARC
000 -CABECERA
campo de control de longitud fija 01152nam a2200301 a 4500
003 - IDENTIFICADOR DEL NÚMERO DE CONTROL
campo de control DO-SdBNP
005 - FECHA Y HORA DE LA ÚLTIMA TRANSACCIÓN
campo de control 20240229073950.0
007 - CAMPO FIJO DE DESCRIPCIÓN FÍSICA--INFORMACIÓN GENERAL
campo de control de longitud fija ta
008 - DATOS DE LONGITUD FIJA--INFORMACIÓN GENERAL
campo de control de longitud fija 220420e2000 dr |||gr|||| 000 pdfre d
020 ## - NÚMERO INTERNACIONAL ESTÁNDAR DEL LIBRO
Número Internacional Estándar del Libro 2841092410
040 ## - FUENTE DE LA CATALOGACIÓN
Centro catalogador/agencia de origen DO-SdBNP
Lengua de catalogación spa
Centro/agencia transcriptor BNPHU
041 ## - CÓDIGO DE LENGUA
Código de lengua original fre
082 ## - NÚMERO DE LA CLASIFICACIÓN DECIMAL DEWEY
Número de edición 22
Número de clasificación M676c
245 10 - MENCIÓN DE TÍTULO
Título Miroirs de la Caraibe:
Resto del título douze poetes de Saint-Domingue. /
Mención de responsabilidad, etc. Compilador, José Rafael Lantigua; Traducción, Délia Banco, Juliette Combes, Lou Dubois, Denis Fernández-Recatalá.
260 ## - PUBLICACIÓN, DISTRIBUCIÓN, ETC.
Lugar de publicación, distribución, etc. Saint-Germain-du-Puy :
Nombre del editor, distribuidor, etc. Le Temps des Cerises,
Fecha de publicación, distribución, etc. 2008
300 ## - DESCRIPCIÓN FÍSICA
Extensión 140 p. ;
Dimensiones 17 cm.
500 ## - NOTA GENERAL
Nota general Ourage publié avec le concours de la Feria International del Libro de Saint-Domingue.
546 ## - NOTA DE LENGUA/LENGUAJE
Nota de lengua/lenguaje incluye traducción al español.
590 ## - NOTA LOCAL (RLIN)
Nota local Inventariado 2022 / MF
650 #4 - PUNTO DE ACCESO ADICIONAL DE MATERIA--TÉRMINO DE MATERIA
9 (RLIN) 72895
Término de materia o nombre geográfico como elemento de entrada Poesía
Subdivisión de forma Colecciones
Subdivisión cronológica Siglo XXI
Subdivisión geográfica República Dominicana
700 1# - PUNTO DE ACCESO ADICIONAL--NOMBRE DE PERSONA
Nombre de persona Lantigua, José Rafael,
Fechas asociadas al nombre 1949-
Término indicativo de función/relación comp.
9 (RLIN) 1438
700 1# - PUNTO DE ACCESO ADICIONAL--NOMBRE DE PERSONA
Nombre de persona Blanco, Délia
Término indicativo de función/relación trad.
9 (RLIN) 24662
700 1# - PUNTO DE ACCESO ADICIONAL--NOMBRE DE PERSONA
Nombre de persona Combes, Juliette
Término indicativo de función/relación trad.
9 (RLIN) 81479
700 1# - PUNTO DE ACCESO ADICIONAL--NOMBRE DE PERSONA
Nombre de persona Dubois, Lou.
Término indicativo de función/relación trad.
9 (RLIN) 81480
700 1# - PUNTO DE ACCESO ADICIONAL--NOMBRE DE PERSONA
Nombre de persona Fernández-Recatalá, Denis
Término indicativo de función/relación trad.
9 (RLIN) 81481
910 ## - DATOS DE OPCIÓN DEL USUARIO (OCLC)
Datos de opción del usuario MFeliz
942 ## - ELEMENTOS DE PUNTO DE ACCESO ADICIONAL (KOHA)
Fuente del sistema de clasificación o colocación Dewey Decimal Classification
Tipo de ítem Koha Libro
Existencias
Estado de retiro Estado de pérdida Fuente del sistema de clasificación o colocación Restricciones de uso No para préstamo Código de colección Localización permanente Ubicación/localización actual Ubicación en estantería Fecha de adquisición Fuente de adquisición Total de préstamos Signatura topográfica completa Código de barras Fecha visto por última vez Precio válido a partir de Tipo de ítem Koha
    Dewey Decimal Classification Excluido de préstamo   Dominicana de Servicio Biblioteca Nacional Pedro Henríquez Ureña Biblioteca Nacional Pedro Henríquez Ureña Depósito 20.07.2018 CERTV   M676c 2022-1452 20.04.2022 20.04.2022 Libro

Con tecnología Koha